Arcane Soundtrack - All Songs - Statistics

General Stats
  • This quiz has been taken 86 times
  • The average score is 27 of 46
Answer Stats
Hint Answer % Correct
Enemy - Imagine Dragons, JID
88%
Enemy (Opening Title Version) - Imagine Dragons, JID
88%
The Remixes Playground - Bea Miller (Baby Tate Remix)
77%
Playground - Bea Miller (MEDUZA Remix)
77%
Remember Me - d4vd
75%
Remember Me (Intro) - d4vd
75%
The Line - Twenty One Pilots
73%
Fantastic (demo version) - King Princess
71%
Fantastic - King Princess
71%
Fantastic - King Princess (Live From Vevo)
71%
Season 1 Playground - Bea Miller
71%
Season 2 Heavy Is The Crown - Mike Shinoda, Emily Armstrong
70%
Paint The Town Blue. - Ashniko
70%
Paint The Town Blue. - Ashniko (BloodPop Remix)
70%
Sucker - Marcus King
68%
Wasteland - Royal & the Serpent
68%
Wasteland - Royal & the Serpent (Live From Vevo)
68%
What Could Have Been - Sting, Ray Chen
68%
Dynasties and Dystopia - Denzel Curry, Gizzle, Bren Joy
66%
這樣很好 (Isha’s Song) - Eason Chan
66%
Misfit Toys - Pusha T
64%
Guns for Hire - Woodkid
63%
Renegade - Raja Kumari, Steffon Don, Jarina De Marco
63%
Snakes - PVRIS, MIYAVI
63%
Extras What Have They Done To Us (ft. Sasha Alex Sloan) - Mako, Grey
63%
What Have They Done To Us - Mako, Grey
63%
Come Play - Stray Kids, Young Miko, Tom Morello
61%
Remixes Come Play - Stray Kids, Young Miko, Tom Morello (Kordhell Remix)
61%
Goodbye - Ramsey
61%
Goodbye - Ramsey (Akini JIng x ZOHAN Remix)
61%
Dirty Little Animals - BONES UK
59%
Hellfire - FEVER 333
57%
Our Love - Curtis Harding, Jazmine Sullivan
57%
Spin The Wheel - Mick Wingert
57%
I Can't Hear It Now - Freya Ridings
55%
Live From Vevo I Can't Hear It Now - Freya Ridings (Live From Vevo)
55%
Cocktail Molotov - ZAND
50%
The Beast - Misha Mansoor
50%
Blood Sweat & Tears - Sheryl Lee Ralph
46%
Rebel Heart - Djerv
46%
When Everything Went Wrong - Fantastic Negrito
39%
Extras Get Jinxed - Djerv
36%
Ma Meillure Ennemie ft. Coldplay - Stromae, Pomme
16%
Ma Meillure Ennemie - Stromae, Pomme
16%
Worlds Collide - JVKE
14%
To Ashes and Blood - Woodkid
5%
No matching quizzes found
Score Distribution
Percent of People with Each Score
Percentile by Number Answered
Your Score History
You have not taken this quiz